El jeton / (Запис № 492200)

МАРК-запис
000 -LEADER
fixed length control field 01032cam a2200253Ma 4500
001 - CONTROL NUMBER
control field eljetonambr00ambr
003 - CONTROL NUMBER IDENTIFIER
control field CaSfIA
005 - DATE AND TIME OF LATEST TRANSACTION
control field 20210118004137.0
007 - PHYSICAL DESCRIPTION FIXED FIELD--GENERAL INFORMATION
fixed length control field cr||||
008 - FIXED-LENGTH DATA ELEMENTS--GENERAL INFORMATION
fixed length control field 811019s1976 es 000 0 spa d
040 ## - CATALOGING SOURCE
Original cataloging agency UAB
Transcribing agency UAB
Modifying agency CaSfIA
035 ## - SYSTEM CONTROL NUMBER
System control number (OCoLC)461674149
050 #4 - LIBRARY OF CONGRESS CALL NUMBER
Classification number PQ7539 A49
Item number J58 1976
100 1# - MAIN ENTRY--PERSONAL NAME
Personal name Ambrogi, Arturo,
Dates associated with a name 1878-1936.
245 13 - TITLE STATEMENT
Title El jeton /
Medium [electronic resource]
Statement of responsibility, etc Arturo Ambrogi.
260 ## - PUBLICATION, DISTRIBUTION, ETC. (IMPRINT)
Place of publication, distribution, etc San Salvador :
Name of publisher, distributor, etc UCA / Editores,
Date of publication, distribution, etc 1976.
300 ## - PHYSICAL DESCRIPTION
Extent 157 p. ;
Dimensions 20 cm.
490 0# - SERIES STATEMENT
Series statement Colección Gavidia ; 2
490 0# - SERIES STATEMENT
Series statement Serie Narrativa
506 ## - RESTRICTIONS ON ACCESS NOTE
Standardized terminology for access restriction Необхідна авторизація на https://archive.org/ (створення облікового запису безкоштовно)
506 ## - RESTRICTIONS ON ACCESS NOTE
Standardized terminology for access restriction Необхідна авторизація на https://openlibrary.org/ (створення облікового запису безкоштовно)
856 41 - ELECTRONIC LOCATION AND ACCESS
Uniform Resource Identifier <a href="http://www.archive.org/details/eljetonambr00ambr">http://www.archive.org/details/eljetonambr00ambr</a>
Public note Free eBook from the Internet Archive
942 ## - ADDED ENTRY ELEMENTS (KOHA)
Koha item type ЕКнига

Немає доступних примірників.